[Event "Norway Chess 2023"]
[Site "Stavanger"]
[Date "30.05.2023"]
[Round "1A"]
[White "Mamedyarov, Shakhriyar"]
[Black "Tari, Aryan"]
[Result "1-0"]
[WhiteElo "2738"]
[BlackElo "2642"]
[PlyCount "93"]
[EventDate "2023.??.??"]

1. c4 e6 2. Nf3 d5 3. e3 Nf6 4. b3 Be7 5. Bb2 O-O 6. g4 Nxg4 7. Rg1 f5 8. Nc3
Bf6 9. Qc2 c6 10. d4 a5 11. O-O-O Nd7 12. Kb1 Kh8 13. h3 Nh6 14. h4 Nf7 15. Ne2
a4 16. Nf4 axb3 17. axb3 Re8 18. Nh5 Qa5 19. Ng5 Nh6 20. f3 b5 21. c5 b4 22.
Qg2 Qa2+ 23. Kc2 Re7 24. Ra1 Qxa1 25. Bxa1 Rxa1 26. Kb2 Ra3 27. Nxf6 Nxf6 28.
Bd3 f4 29. Qd2 Nf5 30. Qxb4 Ra8 31. Ra1 Rxa1 32. Kxa1 h6 33. Qb8 hxg5 34. hxg5
Nh5 35. Qxc8+ Kh7 36. e4 dxe4 37. Bxe4 Nhg3 38. Bd3 Kg6 39. Qxc6 Kxg5 40. Bxf5
Nxf5 41. Qe4 Rd7 42. c6 Ra7+ 43. Kb2 Kf6 44. c7 Ne7 45. Qxf4+ Kg6 46. Qd6 Kf7
47. Qxe7+ 1-0

[Event "Norway Chess 2023"]
[Site "Stavanger"]
[Date "30.05.2023"]
[Round "1A"]
[White "Abdusattorov, Nodirbek"]
[Black "Giri, Anish"]
[Result "0-1"]
[WhiteElo "2731"]
[BlackElo "2768"]
[PlyCount "68"]
[EventDate "2023.??.??"]

1. d4 Nf6 2. c4 e6 3. Nf3 d5 4. Nc3 Be7 5. g3 O-O 6. Bg2 dxc4 7. Ne5 c5 8. dxc5
Qxd1+ 9. Nxd1 Bxc5 10. Ne3 c3 11. bxc3 Nc6 12. Nd3 Bb6 13. Rb1 Na5 14. O-O Bd7
15. c4 Rfc8 16. Ne5 Be8 17. Ba3 Bc5 18. Bxc5 Rxc5 19. f4 Rb8 20. Rfc1 b6 21.
Nd3 Rc7 22. c5 Rbc8 23. cxb6 Rxc1+ 24. Nxc1 axb6 25. Nd3 b5 26. Kf2 h6 27. Ne5
Kf8 28. g4 g5 29. Rb4 Rc3 30. Nd3 Ra3 31. Nc1 Bc6 32. fxg5 hxg5 33. Bf3 Bxf3
34. exf3 Rxe3 0-1

[Event "Norway Chess 2023"]
[Site "Stavanger"]
[Date "31.05.2023"]
[Round "2A"]
[White "Giri, Anish"]
[Black "Caruana, Fabiano"]
[Result "0-1"]
[WhiteTitle "GM"]
[BlackTitle "GM"]
[WhiteElo "2768"]
[BlackElo "2764"]
[WhiteFideId "24116068"]
[BlackFideId "2020009"]
[EventDate "2023.05.30"]

1. c4 Nf6 2. g3 e6 3. Bg2 d5 4. Nf3 Be7 5. O-O O-O 6. d4 dxc4 7. Qc2 a6 8. a4
Bd7 9. Qxc4 Bc6 10. Bf4 Bd6 11. Nc3 Bxf4 12. gxf4 a5 13. e3 Na6 14. h3 Nb4 15.
Kh2 g6 16. Rg1 Qe7 17. Ng5 Bxg2 18. Rxg2 Rac8 19. Nge4 b6 20. Rg5 Nxe4 21. Nxe4
c5 22. dxc5 f5 23. Nc3 Rxc5 24. Qe2 e5 25. Rag1 Kh8 26. Qf3 exf4 27. exf4 Rd8
28. h4 Rd3 29. Qa8+ Rd8 30. Qg2 Nd3 31. Qf3 Rc4 32. Qg3 Rxf4 33. f3 h6 0-1

[Event "Norway Chess 2023"]
[Site "Stavanger"]
[Date "01.06.2023"]
[Round "3A"]
[White "So, Wesley"]
[Black "Giri, Anish"]
[Result "1/2-1/2"]
[WhiteElo "2760"]
[BlackElo "2768"]
[PlyCount "85"]
[EventDate "2023.??.??"]

1. c4 Nf6 2. d4 e6 3. Nc3 Bb4 4. e3 O-O 5. Bd3 d5 6. cxd5 exd5 7. Nge2 Bd6 8.
O-O Re8 9. Bd2 b6 10. Nf4 Bxf4 11. exf4 c5 12. Be3 c4 13. Bc2 Nc6 14. Re1 Nb4
15. Bb1 Rb8 16. a3 Nc6 17. f3 b5 18. g4 a5 19. Bf2 b4 20. Rxe8+ Nxe8 21. Ne2
bxa3 22. bxa3 Rb3 23. Kg2 f5 24. Bc2 Rb2 25. Qc1 Rxc2 26. Qxc2 fxg4 27. fxg4
Bxg4 28. h3 Bd7 29. Nc3 Nd6 30. Kh2 Qf6 31. Qd2 Nf5 32. Nxd5 Qd6 33. Nc3 Ncxd4
34. Bxd4 Nxd4 35. Qe3 Nc2 36. Ne4 Qc6 37. Qa7 Nxa1 38. Qb8+ Qc8 39. Qe5 Qe8 40.
Qd5+ Qe6 41. Qa8+ Qe8 42. Qd5+ Qe6 43. Qa8+ 1/2-1/2

[Event "Norway Chess 2023"]
[Site "Stavanger"]
[Date "03.06.2023"]
[Round "4A"]
[White "Tari, Aryan"]
[Black "So, Wesley"]
[Result "1/2-1/2"]
[WhiteElo "2642"]
[BlackElo "2760"]
[PlyCount "118"]
[EventDate "2023.??.??"]

1. e4 e5 2. f4 exf4 3. Nf3 d5 4. exd5 Nf6 5. Bb5+ c6 6. dxc6 Nxc6 7. Nc3 Bd6 8.
Qe2+ Be6 9. Nd4 O-O 10. Nxe6 fxe6 11. Bxc6 bxc6 12. b3 e5 13. Bb2 Kh8 14. O-O-O
a5 15. a4 Qe7 16. Kb1 Rab8 17. Ne4 Ba3 18. Ba1 Qe6 19. Ka2 Be7 20. Nxf6 Bxf6
21. Rhe1 Rfe8 22. Bc3 e4 23. Bxf6 Qxf6 24. Qc4 Rb4 25. Qc5 Re5 26. Qa7 h6 27.
d4 exd3 28. Rxe5 Qxe5 29. Rxd3 Re4 30. Qa6 Re1 31. Rd8+ Kh7 32. Qd3+ Qe4 33.
Qxe4+ Rxe4 34. Rd2 g5 35. Rd7+ Kg6 36. Rd6+ Kh5 37. Rxc6 Re2 38. b4 axb4 39. a5
Rxg2 40. a6 Re2 41. Kb3 f3 42. Rf6 g4 43. Rf8 Re7 44. Kxb4 Kh4 45. Kb5 Kh3 46.
Kb6 Re6+ 47. Kb7 Re7+ 48. Kb8 Kxh2 49. a7 Rxa7 50. Kxa7 g3 51. Rxf3 g2 52. Rf2
h5 53. c4 h4 54. c5 h3 55. c6 Kg3 56. Rxg2+ hxg2 57. c7 g1=Q+ 58. Kb7 Qc5 59.
Ka8 Qxc7 1/2-1/2

[Event "Norway Chess 2023"]
[Site "Stavanger"]
[Date "03.06.2023"]
[Round "4A"]
[White "Mamedyarov, Shakhriyar"]
[Black "Abdusattorov, Nodirbek"]
[Result "1-0"]
[WhiteElo "2738"]
[BlackElo "2731"]
[PlyCount "81"]
[EventDate "2023.??.??"]

1. c4 e6 2. d4 d5 3. Nf3 Nf6 4. Nc3 Be7 5. Bf4 O-O 6. a3 Nbd7 7. Nb5 Ne8 8. e3
dxc4 9. Bxc4 Nd6 10. Nxd6 Bxd6 11. Bg3 b6 12. Bh4 Be7 13. Bg3 Bb7 14. O-O Bd6
15. Rc1 Bxg3 16. hxg3 c5 17. Bb5 cxd4 18. Nxd4 Ne5 19. f4 Ng6 20. Qa4 Qd5 21.
Bc6 Bxc6 22. Nxc6 Qd2 23. Qb3 Rfc8 24. Rc3 h5 25. Rfc1 Rc7 26. R3c2 Qd6 27. Rc4
Rac8 28. Qc3 Kh7 29. b4 a6 30. a4 Ne7 31. Rd4 Nd5 32. Qd3+ f5 33. b5 axb5 34.
axb5 g6 35. e4 fxe4 36. Rxe4 Rd7 37. Rd4 Qf8 38. Re1 Re8 39. Re5 Kg7 40. Rg5
Kh8 41. Ne5 1-0

[Event "Norway Chess 2023"]
[Site "Stavanger"]
[Date "04.06.2023"]
[Round "5A"]
[White "So, Wesley"]
[Black "Firouzja, Alireza"]
[Result "1/2-1/2"]
[WhiteElo "2760"]
[BlackElo "2785"]
[PlyCount "100"]
[EventDate "2023.??.??"]

1. e4 e5 2. Nf3 Nc6 3. Bb5 Nf6 4. d3 Bc5 5. Bg5 h6 6. Bh4 Be7 7. O-O d6 8. d4
Bd7 9. Nc3 exd4 10. Nxd4 Nxd4 11. Qxd4 Bxb5 12. Nxb5 O-O 13. Rad1 a6 14. Nc3
Re8 15. Rfe1 Qc8 16. a4 Qg4 17. Bg3 Rac8 18. h3 Qg6 19. Bh2 Bf8 20. f4 Nd7 21.
Kh1 Qf6 22. e5 Qg6 23. Qf2 f5 24. exf6 Nxf6 25. f5 Qf7 26. Qf3 c6 27. Rxe8 Rxe8
28. Bxd6 Bxd6 29. Rxd6 Re1+ 30. Kh2 Qc7 31. Qg3 Rf1 32. Rd3 Qxg3+ 33. Kxg3 Rxf5
34. Rd8+ Kh7 35. Rb8 Nh5+ 36. Kh4 Nf4 37. Rxb7 Nxg2+ 38. Kg3 Ne3 39. Rb6 Nf1+
40. Kg2 Ne3+ 41. Kg1 Rf1+ 42. Kh2 Rf2+ 43. Kg3 Rxc2 44. Rxc6 a5 45. Rc5 Nd1 46.
Rxa5 Nxc3 47. bxc3 Rxc3+ 48. Kg4 Rc4+ 49. Kf3 Rc3+ 50. Kg4 Rc4+ 1/2-1/2

[Event "Norway Chess 2023"]
[Site "Stavanger"]
[Date "05.06.2023"]
[Round "6A"]
[White "Mamedyarov, Shakhriyar"]
[Black "So, Wesley"]
[Result "0-1"]
[WhiteTitle "GM"]
[BlackTitle "GM"]
[WhiteElo "2738"]
[BlackElo "2760"]
[WhiteFideId "13401319"]
[BlackFideId "5202213"]
[EventDate "2023.05.30"]

1. c4 c5 2. Nf3 Nc6 3. Nc3 g6 4. g3 Bg7 5. Bg2 e6 6. h4 h6 7. a3 Nge7 8. Rb1 d5
9. cxd5 exd5 10. b4 Bf5 11. Rb2 d4 12. Na4 cxb4 13. axb4 b5 14. Nc5 Nd5 15. O-O
O-O 16. h5 g5 17. e4 dxe3 18. dxe3 Ndxb4 19. Nd4 Nxd4 20. Rxb4 Nc2 21. Rxb5 Qxd1
22. Rxd1 Rad8 23. Rd5 Bg4 24. Rb7 Ne1 25. Be4 Bf3 26. Rdd7 Rxd7 27. Rxd7 Rc8 28.
Ba3 Bf8 29. Bd5 Bxc5 30. Bxf7+ Kf8 31. Bb2 Bc6 0-1

[Event "Norway Chess 2023"]
[Site "Stavanger"]
[Date "08.06.2023"]
[Round "8A"]
[White "Firouzja, Alireza"]
[Black "Giri, Anish"]
[Result "0-1"]
[WhiteTitle "GM"]
[BlackTitle "GM"]
[WhiteElo "2785"]
[BlackElo "2768"]
[WhiteFideId "12573981"]
[BlackFideId "24116068"]
[EventDate "2023.05.30"]

1. e4 e5 2. Nf3 Nc6 3. g3 Nf6 4. d3 Bc5 5. Bg2 d6 6. c3 a5 7. O-O O-O 8. h3 h6
9. Na3 Bxa3 10. bxa3 Be6 11. c4 Nd7 12. Nh4 Nd4 13. Be3 c5 14. Rb1 b6 15. Rb2
Rb8 16. Qe1 g5 17. f4 gxh4 18. f5 hxg3 19. Bxh6 Qh4 20. Qe3 Rfe8 21. Bg5 Qh5 22.
Qxg3 Kh7 23. fxe6 Rxe6 24. h4 f6 25. Be3 Ne2+ 26. Rxe2 Qxe2 27. Bh3 Rg8 28. Bg5
Re7 29. Bf5+ Kh8 30. Bg4 Qc2 31. Bxd7 fxg5 32. hxg5 Rxd7 33. g6 Rh7 0-1

[Event "Norway Chess 2023"]
[Site "Stavanger"]
[Date "08.06.2023"]
[Round "8A"]
[White "Caruana, Fabiano"]
[Black "So, Wesley"]
[Result "1-0"]
[WhiteTitle "GM"]
[BlackTitle "GM"]
[WhiteElo "2764"]
[BlackElo "2760"]
[WhiteFideId "2020009"]
[BlackFideId "5202213"]
[EventDate "2023.05.30"]

1. d4 Nf6 2. c4 e6 3. Nc3 d5 4. cxd5 exd5 5. Bg5 c6 6. Qc2 h6 7. Bh4 Be7 8. e3
O-O 9. Bd3 Re8 10. Nf3 Nbd7 11. O-O Ne4 12. Bxe7 Qxe7 13. Rae1 Ndf6 14. Ne5 Bf5
15. f3 Nxc3 16. bxc3 Bxd3 17. Nxd3 Qd6 18. Re2 Re7 19. Rfe1 Rae8 20. c4 b6 21.
c5 Qc7 22. a4 Re6 23. Qc3 g5 24. Nb4 Rc8 25. Rc1 Qe7 26. Qd2 Nd7 27. cxb6 Nxb6
28. e4 dxe4 29. a5 e3 30. Qe1 Qd7 31. axb6 axb6 32. d5 cxd5 33. Rxc8+ Qxc8 34.
Nxd5 b5 35. Nxe3 Qc5 36. Kf1 b4 37. Nd1 Qb5 38. Qd2 b3 39. Ke1 Qb6 40. Rxe6 Qg1+
41. Ke2 Qxg2+ 42. Nf2 fxe6 43. h3 Qg3 44. Qd8+ Kf7 45. Qd7+ Kf8 46. Qxe6 Qb8 47.
Qf6+ Kg8 48. Qg6+ Kf8 49. Qxh6+ Kf7 50. Qh7+ Ke6 51. Qg6+ Kd7 52. Qf7+ Kc6 53.
Qc4+ Kd7 54. Qd5+ Ke7 55. Qxg5+ Ke6 56. Qg6+ Kd5 57. Qe4+ Kc5 58. Nd3+ 1-0

[Event "Norway Chess 2023"]
[Site "Stavanger"]
[Date "09.06.2023"]
[Round "9A"]
[White "Carlsen, Magnus"]
[Black "Abdusattorov, Nodirbek"]
[Result "1/2-1/2"]
[WhiteElo "2853"]
[BlackElo "2731"]
[PlyCount "184"]
[EventDate "2023.??.??"]

1. e4 e5 2. Nf3 Nf6 3. Nxe5 d6 4. Nf3 Nxe4 5. d3 Nf6 6. d4 d5 7. Bd3 Bd6 8.
Qe2+ Be6 9. Ng5 Qe7 10. Nxe6 fxe6 11. c3 O-O 12. O-O e5 13. dxe5 Qxe5 14. Qxe5
Bxe5 15. Nd2 Nbd7 16. Nf3 Bd6 17. g3 c6 18. Kg2 Rae8 19. a4 a5 20. Nd4 Bc5 21.
Bf5 Bxd4 22. cxd4 Rf7 23. Bd3 Nf8 24. Bd2 Ne6 25. Bc3 b6 26. Rfe1 Rfe7 27. b4
axb4 28. Bxb4 Ra7 29. Bc3 Kf7 30. Reb1 Nd7 31. h4 Rea8 32. Bc2 h5 33. Re1 Nf6
34. Rab1 b5 35. axb5 cxb5 36. Bf5 Re8 37. Bb4 Nxd4 38. Rxe8 Nxe8 39. Bd3 Nf6
40. Bc3 Ra3 41. Bxd4 Rxd3 42. Bb6 Ng4 43. Rxb5 Rd2 44. Kf3 g6 45. Bc5 d4 46.
Ke4 Nf6+ 47. Kf3 Ng4 48. Rb6 Rxf2+ 49. Ke4 Nf6+ 50. Kxd4 Rd2+ 51. Ke3 Rd5 52.
Bd4 Rf5 53. Kd3 Rf3+ 54. Kc4 Rf5 55. Rb7+ Kg8 56. Re7 Kf8 57. Ra7 Kg8 58. Be3
Ng4 59. Bg5 Kf8 60. Bf4 Kg8 61. Kd4 Kf8 62. Bg5 Kg8 63. Ra8+ Kg7 64. Ra7+ Kg8
65. Kc4 Kf8 66. Bd2 Kg8 67. Bc3 Kf8 68. Bg7+ Kg8 69. Bd4 Kf8 70. Rg7 Ne5+ 71.
Bxe5 Rxe5 72. Rxg6 Kf7 73. Rd6 Re3 74. Rd3 Re5 75. Rd5 Re3 76. Rg5 Kf6 77. Kd4
Ra3 78. Ke4 Ra4+ 79. Kf3 Ra3+ 80. Kg2 Ra2+ 81. Kh3 Ra7 82. Rxh5 Kg6 83. Rg5+
Kf6 84. Rg4 Kf5 85. h5 Ra1 86. Rb4 Rh1+ 87. Kg2 Rd1 88. Kf2 Kg5 89. Rh4 Kh6 90.
Kf3 Rd3+ 91. Kg4 Rd4+ 92. Kh3 Rd3 1/2-1/2

[Event "Norway Chess 2023"]
[Site "Stavanger"]
[Date "09.06.2023"]
[Round "9A"]
[White "Giri, Anish"]
[Black "Mamedyarov, Shakhriyar"]
[Result "1-0"]
[WhiteElo "2768"]
[BlackElo "2738"]
[PlyCount "127"]
[EventDate "2023.??.??"]

1. e4 e5 2. Nf3 Nc6 3. Bb5 Nge7 4. d4 Nxd4 5. Nxd4 exd4 6. Qxd4 Nc6 7. Qe3 Be7
8. O-O O-O 9. Nc3 Nb4 10. Qd2 c6 11. Be2 a5 12. Rd1 d6 13. a3 Na6 14. Qf4 Kh8
15. Qg3 f5 16. Bf4 fxe4 17. Bxd6 Bxd6 18. Rxd6 Qe7 19. Bxa6 Rxa6 20. Re1 Bf5
21. h3 Raa8 22. Nd1 Rad8 23. Rxd8 Rxd8 24. Ne3 Bg6 25. Rd1 Rxd1+ 26. Nxd1 Kg8
27. Qb8+ Kf7 28. Ne3 a4 29. Qa8 h6 30. Qxa4 Kg8 31. Qd4 Kh7 32. a4 Qe6 33. b3
Qe7 34. b4 Qe6 35. c4 h5 36. a5 Qe7 37. Qb2 Qd8 38. Qc3 Qd7 39. Kf1 Qd8 40. Ke1
Qd7 41. Kf1 Qd6 42. Kg1 Qd7 43. Qb2 Qd8 44. Qb1 Qd2 45. Kf1 Kg8 46. Qe1 Qd3+
47. Kg1 Kh7 48. Qc1 Qd4 49. g3 Bf7 50. b5 Be8 51. b6 Bd7 52. Kg2 Kg6 53. c5 Bc8
54. Qc4 Qe5 55. Qg8 Be6 56. Qf8 Qa1 57. Qe8+ Kf6 58. Qxh5 Qxa5 59. Qh4+ Kf7 60.
Qf4+ Kg8 61. Qb8+ Kh7 62. Qxb7 Qxc5 63. Qc7 Qh5 64. g4 1-0